|
|
|
|
| LEADER |
00000nam0a2200000 4500 |
| 001 |
358278 |
| 005 |
20231102011058.0 |
| 035 |
|
|
|a (RuTPU)RU\TPU\retro\15546
|
| 090 |
|
|
|a 358278
|
| 100 |
|
|
|a 20200814d1973 k y0rusy50 ca
|
| 101 |
0 |
|
|a rus
|
| 102 |
|
|
|a UA
|
| 105 |
|
|
|a y z 100zy
|
| 200 |
1 |
|
|a Тектоника и полезные ископаемые запада Украинской ССР
|e тезисы докладов республиканского совещания, Львов, 24-26 сентября 1973 г.
|h Ч. 1
|i Тектоника, геология и гидрогеология месторождений горючих ископаемых
|f Академия наук Украинской ССР, Институт геологии и геохимии горючих ископаемых ; Академия наук Украинской ССР, Межведомственная комиссия по изучению солянокупольных областей и связанных с ними полезных ископаемых
|
| 210 |
|
|
|a Киев
|c Наукова думка
|d 1973
|
| 215 |
|
|
|a 307 с.
|
| 606 |
1 |
|
|a Тектоника
|2 stltpush
|3 (RuTPU)RU\TPU\subj\58770
|9 76521
|
| 606 |
1 |
|
|a Полезные ископаемые
|x Геология
|2 stltpush
|3 (RuTPU)RU\TPU\subj\50069
|9 68818
|
| 610 |
1 |
|
|a нефтяные месторождения
|
| 610 |
1 |
|
|a газовые месторождения
|
| 610 |
1 |
|
|a геология
|
| 610 |
1 |
|
|a разведка
|
| 610 |
1 |
|
|a геофизика
|
| 610 |
1 |
|
|a твердые горючие ископаемые
|
| 610 |
1 |
|
|a гидрогеология
|
| 610 |
1 |
|
|a нефть
|
| 610 |
1 |
|
|a газ
|
| 610 |
1 |
|
|a нефтегазовые месторождения
|
| 610 |
1 |
|
|a разработка
|
| 610 |
1 |
|
|a совещания
|
| 675 |
|
|
|a 551.24(063)
|v 4
|
| 675 |
|
|
|a 553(063)
|v 4
|
| 712 |
0 |
2 |
|a Академия наук Украинской ССР
|b Институт геологии и геохимии горючих ископаемых
|2 stltpush
|3 (RuTPU)RU\TPU\col\11474
|9 25115
|
| 712 |
0 |
2 |
|a Академия наук Украинской ССР
|b Межведомственная комиссия по изучению солянокупольных областей и связанных с ними полезных ископаемых
|c (1936-1991)
|2 stltpush
|3 (RuTPU)RU\TPU\col\332
|
| 712 |
1 |
2 |
|a Тектоника и полезные ископаемые запада Украинской ССР
|c совещание
|e Львов
|f 1973
|
| 801 |
|
1 |
|a RU
|b 63413507
|c 20200814
|
| 801 |
|
2 |
|a RU
|b 63413507
|c 20210329
|g RCR
|
| 942 |
|
|
|c BK
|